000 00495nam a2200181Ia 4500
999 _c29770
_d29770
003 OSt
005 20260305115424.0
008 190216s9999||||xx |||||||||||||| ||und||
020 _a9788126426706
040 _coclc
082 _a894.8121
_bDAS/K
100 _aDas, Kamala
_95366
245 0 _aKettiyitta Koladu /
_cKamala Das
260 _bD C Books,
_c2010.
_aKottayam:
300 _a107p
650 _aKavithkal
942 _cBK
_2ddc
_h894.8121
_iDAS/K
_k894.8121
_mDAS/K